000 00487nam a2200181Ia 4500
005 20260122095517.0
008 260121s9999||||xx |||||||||||||| ||und||
020 _a9780367144401
082 _a153.12
_bMAD
100 _aMadan, Christopher R.
245 0 _aMemories that matter :
_bhow we remember important things /
260 _aLondon :
_bRoutledge,
_c2023.
300 _axxviii, 646 p.; pbk
650 _aCognition
650 _aMemories
650 _aNeurobiology
942 _cTB
999 _c48487
_d48487